| 000 | 00959nam a2200229 i 4500 | ||
|---|---|---|---|
| 001 | 115729 | ||
| 003 | ES-MaACL | ||
| 005 | 20230906190538.0 | ||
| 007 | t| | ||
| 008 | 070510s1967 sp ||||1| spa d | ||
| 080 | _a929 Unamuno, Miguel de | ||
| 080 | _a821.134.2 Unamuno, Miguel de 1.06 | ||
| 245 | 0 | 0 |
_aUnamuno y Bilbao : _bel centenario del nacimiento de Unamuno / _cconferencias que se pronunciaron sobre diversos temas unamunianos en el curso organizado por la Junta de Cultura de Vizcaya en el año 1964, como homenaje a la memoria del hijo preclaro de nuestra Villa. |
| 260 |
_aBilbao : _bJunta de Cultura de Vizcaya, _c1967. |
||
| 300 |
_a256 p. ; _c22 cm. |
||
| 600 | 1 | 4 |
_aUnamuno, Miguel de, _d1864-1936- _vHomenajes _9172371 |
| 600 | 1 | 4 |
_aUnamuno, Miguel de, _d1864-1936- _xBiografías _9172375 |
| 710 | 2 |
_aJunta de Cultura de Vizcaya. _95386 |
|
| 852 | 4 |
_aES-MaACL _jC-32406 |
|
| 852 | 4 |
_aES-MaACL _jC-56509 |
|
| 999 |
_c115729 _d115729 |
||